00534nam a2200205Ia 4500003000400000005001700004008004100021020001500062040000700077041001200084082001700096100001400113245005600127260004300183300003000226365001300256650001500269650002300284700002100307OSt20250714185618.0210423s2003 xx 000 0 und d a8795421680 cAL aEnglish a070.4 bSTEN aStein M L aNewswriters handbook: an introduction to journalism aNew DelhibSurjeeth Publicationsc2003 avii,303p.bPBc24.5x18cm. b250cINR aJournalism aJournalism & Media aPaterno, Susan F